| 000 | 00758nam a2200265Ia 4500 | ||
|---|---|---|---|
| 001 | 5861 | ||
| 005 | 20240113233852.0 | ||
| 007 | ta | ||
| 008 | 050623s1979 g b000 u eng u | ||
| 020 | _a0-87692-106-3 | ||
| 040 | _aCotton College Assam | ||
| 041 | _aeng | ||
| 082 |
_a823.09 _bT 891 Sw |
||
| 100 | _aTuveson, Ernest . | ||
| 245 | 0 |
_aSwift: A Collection of Critical Essays / _cErnest Tuveson. _hTextual Documents |
|
| 260 |
_aNew Delhi : _bPrentice-Hall of India(Pvt Ltd) , _c1979. |
||
| 300 |
_a176p. ; _c20cm. |
||
| 440 | _aTwentieth Century Views Series, | ||
| 490 | _aTwentieth Century Views Series, | ||
| 653 | _aEnglish-Fiction-Criticism | ||
| 942 |
_2ddc _cBK |
||
| 999 |
_c5848 _d5848 |
||